000 01371nam0a2200301 4500
001 RU\NLR\bibl\1320679
005 20260405143029.0
010 _a978-5-91616-003-1
_9300
021 _aRU
_b2008-94564
_95541
021 _aRU
_b2008-105346
_96217
035 _a(NLR Aleph) 001306028
090 _a649527
_c649527
100 _a20090126d2008 |||y0rusy50 ca
101 0 _arus
102 _aRU
105 _ay |||||||||
200 1 _aГосударственная политика противодействия криминальному банкротству
_eмонография
_fД.Г. Краснов
_gНижегор. правовая акад., Торг.-пром. палата Нижегор. обл.
210 _aНижний Новгород
_cНижегородская правовая академия
_d2008
215 _a167 с.
_d21
320 _aБиблиогр.: с. 152-167 и в подстроч. прим.
606 1 _aБанкротство злостное
_xПредупреждение
_yРоссийская Федерация
_92475935
_3RU\NLR\auth\661470156
686 _aХ628.322.16
700 1 _4070
_8rus
_7ca
_aКраснов
_bД. Г.
_f1959-
_gДмитрий Германович
_3RU\NLR\auth\7758810
_941742
801 0 _aRU
_bNLR
_c20090126
_gRCR
801 1 _aRU
_bNLR
_c20090126
942 _cBOOK
980 _aNB